দেয়াল দিয়ে ঘেরা / (Record no. 857)
[ view plain ]
| 000 -LEADER | |
|---|---|
| fixed length control field | 00727nam a2200229 a 4500 |
| 001 - CONTROL NUMBER | |
| JCCL Control Number | 857 |
| 003 - CONTROL NUMBER IDENTIFIER | |
| JCCL marc code | BD-JhCC |
| 005 - DATE AND TIME OF LATEST TRANSACTION | |
| control field | 20171010193711.0 |
| 008 - FIXED-LENGTH DATA ELEMENTS--GENERAL INFORMATION | |
| fixed length control field | 171010s1377 bg |||| |||| 000 0 ben d |
| 020 ## - INTERNATIONAL STANDARD BOOK NUMBER | |
| International Standard Book Number | 9844012783 |
| 035 ## - SYSTEM CONTROL NUMBER | |
| system control number | (BD-JhCC)857 |
| 040 ## - CATALOGING SOURCE | |
| Original cataloging agency | BD-JhCC |
| Modifying agency | BD-JhCC |
| 041 ## - LANGUAGE CODE | |
| Language code of Book | ben |
| 082 ## - DEWEY DECIMAL CLASSIFICATION NUMBER | |
| Classification number | 891.443 |
| Author mark and Year | CHO 1377 |
| 100 ## - MAIN ENTRY--PERSONAL NAME | |
| Personal name | চৌধুরী, মতিয়া |
| 245 ## - TITLE STATEMENT | |
| Title | দেয়াল দিয়ে ঘেরা / |
| Statement of responsibility, etc | মতিয়া চৌধুরী |
| 260 ## - PUBLICATION, DISTRIBUTION, ETC. (IMPRINT) | |
| Place of publication, distribution, etc | ঢাকা; |
| Name of publisher, distributor, etc | আগামী প্রকাশনী, |
| Date of publication, distribution, etc | ১৩৭৭ |
| 300 ## - PHYSICAL DESCRIPTION | |
| Pagination | ১২৭ পৃ.; |
| Dimensions | ২২ সে.মি. |
| 650 ## - SUBJECT ADDED ENTRY--TOPICAL TERM | |
| Topical term or geographic name as entry element | Bengali Novel |
| 942 ## - ADDED ENTRY ELEMENTS (KOHA) | |
| Source of classification or shelving scheme | Dewey Decimal Classification |
| Koha item type | Books |
| Source of classification or shelving scheme | Damaged status | Not for loan | Home library | Current library | Shelving location | Date of accession | Cost, normal purchase price | Total Checkouts | Full call number | Barcode | Date last seen | Copy number | Koha item type |
|---|---|---|---|---|---|---|---|---|---|---|---|---|---|
| Dewey Decimal Classification | JCC Rouf Library | JCC Rouf Library | General Stacks | 10/10/2017 | 120.00 | 891.443 CHO 1377 | 1836 | 10/10/2017 | C-1 | Books | |||
| Dewey Decimal Classification | JCC Rouf Library | JCC Rouf Library | General Stacks | 12/20/2017 | 120.00 | 891.443 CHO 1377 | 7921 | 12/20/2017 | C - 2 | Books |